Zwierzęta po francusku - Statystyki

Ogólne statystyki
  • Ten quiz został rozwiązany 33 razy
  • Średni wynik to 16 z 35
Statystyki odpowiedzi
Hint Odpowiedź % Poprawnych
lew le lion
93%
tygrys le tigre
86%
żyrafa la girafe
79%
słoń l elephant
79%
panda le panda
71%
wąż le serpent
71%
papuga le perroquet
64%
małpa le singe
64%
wilk le loup
57%
rekin le requin
57%
orzeł l aigle
50%
krokodyl le crocodile
50%
jaszczurka le lezard
50%
lis le renard
50%
zebra le zebre
50%
niedźwiedź l ours
50%
pszczoła l abeille
43%
rzuf la tortue
43%
wielbłąd le chameau
43%
delfin le dauphin
43%
hipopotam l'hippopotame
43%
wieloryb la baleine
36%
mucha la mouche
36%
jeleń le cerf
36%
kangur le kangourou
36%
komar le moustique
36%
nosorożec le rhinoceros
36%
dromadery le dromadaire
29%
zwierzęta wodne les animaux aquatiques
29%
struś l autruche
21%
owady les insectes
21%
zwierzęta la faune
14%
zwierzęta w dzungli lub sawanie les animaux de la jungle et de la savane
14%
zwierzęta górskie les animaux des montagnes
14%
zwierzęta pustynne les animaux du desert
7%
Nie znaleziono quizów pasujących do podanych kryteriów
Rozkład punktacji
Procent ludzi z każdym wynikiem
Percentyl według liczby udzielonych odpowiedzi
Twoja historia wyników
Nie rozwiązałeś tego quizu